000
00263nam a22001217a 4500
008
181220b xxu||||| |||| 00| 0 eng d
041
_a
eng
080
_a
510
100
_a
36
101
_a
MAT
245
_a
X-Ray Crystallography
_c
Buerger,M.J
942
_2
udc
_c
BK
999
_c
53535
_d
53535